<?xml version="1.0" encoding="UTF-8"?>
<marc:record xmlns:marc="http://www.loc.gov/MARC21/slim">
   <marc:leader>00000nam a2200000 a 4500</marc:leader>
   <marc:datafield ind1="1" ind2=" " tag="100">
      <marc:subfield code="a">Gebrüder Grimm</marc:subfield>
      <marc:subfield code="4">aut</marc:subfield>
      <marc:subfield code="e">Verfasser/-in</marc:subfield>
   </marc:datafield>
   <marc:datafield ind1=" " ind2=" " tag="653">
      <marc:subfield code="a">Märchen</marc:subfield>
   </marc:datafield>
   <marc:datafield ind1=" " ind2=" " tag="653">
      <marc:subfield code="a">Grimm</marc:subfield>
   </marc:datafield>
   <marc:datafield ind1="0" ind2="0" tag="245">
      <marc:subfield code="a">Die Bremer Stadtmusikanten</marc:subfield>
   </marc:datafield>
   <marc:datafield ind1=" " ind2="1" tag="264">
      <marc:subfield code="b">Middelhauve</marc:subfield>
      <marc:subfield code="c">2000</marc:subfield>
   </marc:datafield>
   <marc:datafield ind1="1" ind2=" " tag="490">
      <marc:subfield code="a">Middelhauve-Kinderbibliothek</marc:subfield>
   </marc:datafield>
   <marc:datafield ind1="1" ind2=" " tag="520">
      <marc:subfield code="a">(ab 5)  Das bekannte Märchen der Gebrüder Grimm, begleitet von lustigen Bildern.  Die allseits bekannte Geschichte von Esel, Hund, Katze und Hahn, die nach Bremen wollten, um dort ein neues Leben als Stadtmusikanten zu beginnen, ist in diesem Bilderbuch in der Fassung der Gebrüder Grimm abgedruckt.  Begleitet wird die Geschichte von Zeichnungen von Heidrun Boddin, die durch ihre Einfachheit bestechen und in kräftigen, klaren Farben gehalten sind. Auf der linken Seite ist der Text abgedruckt und auf der rechten Seite das dazu passende Bild. Durch das handliche Format und die liebevollen Bilder wird das besprochene Werk zu einem Buch, das man gerne in die Hände nimmt. Vielleicht muss die eine oder andere Redewendung heutigen Kindern erklärt werden. Generell aber ein gelungenes Buch für Kinder ab 5 Jahren!   *bn* Irmgard Preißler</marc:subfield>
   </marc:datafield>
   <marc:datafield ind1=" " ind2=" " tag="020">
      <marc:subfield code="a">9783787695850</marc:subfield>
      <marc:subfield code="9">9783787695850</marc:subfield>
   </marc:datafield>
</marc:record>
